1658 1402 1963 1813 1417 1305 1367 1066 1181 1835 1177 1912 1678 1058 1441 1191 1524 1393 1013 1197 1294 1991 1689 1498 1559 1272 1833 1454 1740 1560 1267 1280 1345 1278 1878 1788 1979 1835 1836 1538 1665 1130 1994 1007 1097 1915 1318 1156 1868 1021 1911 1919 1588 1556 1085 1819 1905 1247 1533 1632 1822 1996 1742 1804 1586 1355 1634 1385 1026 1646 1035 1862 1413 1838 1363 1576 1016 1325 1723 1367 1954 1805 1996 1810 1131 1132 1920 1106 1102 1278 1414 1651 1426 1188 1104 1458 1277 1646 1453 BCNSPRNW ULIB Ver.6.0+V

เปลี่ยนเป็นภาษาไทย

Change to English
 แสดงรายละเอียดบรรณานุกรม
  กลับหน้าหลัก

Brief Record : Get Marc (ISO 2709) : E-mail record : QR code < ปิดหน้าต่าง
LEADER : 00000nam 2200000uu 4500
001    13399121335
003     ULIB
008    020711s2551 th a 000 0 tha d
020    9789744263636
090    นว^bน114ก
110    นครินทร์ ศรีเลิศ
245    เกลียวคลื่นกับผืนดิน
250    พิมพ์ครั้งที่ 1
260    นนทบุรี :^bเลมอน ที จำกัด,^c2551
945    ^p209^l0^i15321
999    ^aกัณชพร
รายการนี้ยังไม่มีแท็ก
คุณยังไม่ได้ล็อกอิน คุณสามารถมีกิจกรรมร่วมกับเว็บไซต์ได้ แต่ต้องล็อกอินก่อน ::
  ล็อกอิน

รายการสื่อสารสนเทศ

ลำดับที่ ประเภท เลขเรียก/บาร์โค้ด สถานที่ สถานะ
1. วิทยาศาสตร์การแพทย์ และสุขภาพ
วิทยาศาสตร์การแพทย์ และสุขภาพ
นว น114ก  
  Barcode: 15321
ห้องสมุดวิทยาเขตสวรรค์ประชารักษ์
►นวนิยาย
บนชั้น
  ขอยืม

BibComment


ยังไม่เคยถูกคอมเมนท์

คอมเมนท์ทรัพยากรรายการนี้
  คอมเมนท์: เกลียวคลื่นกับผืน..


 Copyright 2026. Bcnsprnw @Library